000 04396cam a22012134i 4500
003 PE-LiUPU
005 20250813185606.0
008 150706s r 000 0 d
020 _a9972985008
035 _a(Sirsi) i9789972985003
035 _a(Sirsi) i9789972985003
040 _aPE-LiUPU
_bspa
_cPE-LiUPU
_erda
049 _aPRUA
082 0 4 _a371.2
_bA48C
_221
100 1 _aAlvarado Oyarce, Otoniel,
_eautor.
245 1 0 _aGestión educativa :
_bcasos ejercicios e instrumentos /
_cOtoniel Alvarado Oyarce.
264 1 _aLima :
_bUdegraf S.A.,
_c2004.
300 _a160 páginas :
_bilustraciones ;
_c21 cm.
336 _atext
_2rdacontent
337 _aunmediated
_2rdamedia
338 _avolume
_2rdacarrier
505 0 _aCasos de gestión educativa -- A nivel de educación básica -- Gestión estratégica de un centro educativo -- Las tribulaciones de un promotor -- Delegación de funciones -- La ética magisterial -- La gestión de un concurso folklórico -- Trabajo en comité o en equipo -- Un flamante director -- Gestión logística -- En una escuela rural -- Creando un clima magisterial -- A nivel de educación superior -- La facultad de química -- ¿Cuál decano? -- El examen de grado -- Un profesor conveniente -- Una política de personal -- Capacitación de personal -- Logística universitaria -- Cultura organizacional en la universidad -- Selección de docente en un instituto superior pedagógico -- Plantamiento estratégico de un instituto superior tecnológico -- Exceso de autodelegación -- A nivel de instituciones intermedias -- ¿Merece que le paguen? -- El director regional -- Supervisión en la selva -- Logística educacional -- Auditoría de personal -- Ejercicios sobre gestión educativa -- Test ¿usted administra o ejecuta? -- Prácticas de dirección de personal -- El perfil de un verdadero líder -- Decisiones financieras -- El árbol de decisiones -- Pert para crear un C.E.P -- Toma de decisiones -- El análisi foda -- Organización universitaria -- Las comunicaciones erróneas -- No hay que ser mal pensado -- Verificación de la comunicación -- El teléfono chuponeado -- .
526 _aP202
526 _aP201
526 _aP163
526 _aP162
526 _aP161
526 _aP160
526 _aP148
526 _aP147
526 _aP146
526 _aP145
526 _aP144
526 _aP143
526 _aP142
526 _aP141
526 _aP140
526 _aP139
526 _aP138
526 _aP137
526 _aP136
526 _aP135
526 _aP134
526 _aP133
526 _aP129
526 _aP128
526 _aP127
526 _aP120
526 _aP119
526 _aP118
526 _aP116
526 _aP115
526 _aP114
526 _aP110
526 _aP109
526 _aP108
526 _aP104
526 _aP103
526 _aP102
526 _aP99
526 _aP98
526 _aP97
526 _aP96
526 _aP95
526 _aP93
526 _aP90
526 _aP89
526 _aP88
526 _aP83
526 _aP82
526 _aP62
526 _aP59
526 _aP58
526 _aP57
526 _aP51
526 _aP49
526 _aP48
526 _aP47
526 _aP29
526 _aP24
526 _aP20
526 _aP19
526 _aP17
526 _aP15
526 _aP14
526 _aP12
526 _aP10
526 _aP09
526 _aP08
526 _aP07
526 _aP06
526 _aP05
526 _aP04
526 _aP01
541 _g0001-000367;
650 0 4 _aAdministración escolar
_zPerú
_vCasos.
650 0 4 _aGestión educacional
_xInvestigación.
910 _agl
_bjck
_d20110623
942 _2ddc
_cBOOK
949 _aPGE 371.2 A48C
_wDEWEY
_c1
_i63127
_lPOSTGRADO
_mBUL
_p10.00
_r0
_sY
_tBOOK
_u2015-7-6
_xPOSGRADO
_PP57
_o.CIRCNOTE. No olvidar cambiar la fecha de devolución!!!!!!!
_o.STAFF. Colección General
994 _aC0
_bPEPRU
596 _a1
999 _aPGE 371.2 A48C
_wDEWEY
_c52141
_i63127
_f2021-11-8
_g5
_lCCODEBUL1
_mBUL
_p10.00
_r0
_sY
_tBOOK
_u2015-7-6
_xEDUCACION
_PP57
_0COMPRA
_o.CIRCNOTE. No olvidar cambiar la fecha de devolución!!!!!!!
_o.STAFF. Colección General
_d52141
980 _81
_gALBERTO SANCHEZ Responsable de Automatización